“开元心旅行”魏松评价的“硬核”景区 China "Hardcore" scenic spots - Statistics

General Stats
  • This quiz has been taken 37 times
  • The average score is 38 of 103
Answer Stats
地市 景区 % Correct
黄山 黄山
94%
北京 故宫
94%
拉萨 布达拉宫
94%
喀什 喀什古城
85%
宜昌 两坝一峡
82%
神农架 神农架
82%
大同 云冈石窟
82%
洛阳 龙门石窟
79%
泰安 泰山
79%
杭州 西湖
79%
酒泉 莫高窟
76%
承德 避暑山庄及周围寺庙
76%
白山 长白山
76%
西安 秦始皇陵、兵马俑
76%
苏州 拙政园
74%
扬州 瘦西湖
74%
阿坝 九寨沟
71%
桂林 船游漓江
68%
呼伦贝尔 (各种草原)私人牧场
68%
济宁 三孔
68%
忻州 五台山
68%
池州 九华山
65%
安顺 黄果树
65%
渭南 华山
65%
丽江 玉龙雪山
65%
张家界 张家界国家森林公园
62%
阿坝 黄龙
62%
舟山 普陀山
62%
天水 麦积山石窟
59%
张掖 七彩丹霞
59%
酒泉 鸣沙山月牙泉
56%
上饶 三清山
56%
中卫 沙坡头
53%
德阳 三星堆遗址
53%
焦作 云台山
50%
朔州 应县木塔
50%
甘孜 稻城亚丁
50%
西双版纳 中科院热带植物园
47%
北京 国家博物馆
44%
铜仁 梵净山
44%
萍乡 武功山
44%
大同 悬空寺
44%
张家界 天门山国家森林公园
41%
烟台 蓬莱阁
41%
金华 横店影视城
41%
西安 大雁塔
38%
重庆 大足石刻
35%
文昌 文昌航天城(发射时)
35%
博尔塔拉 赛里木湖
35%
三亚 蜈支洲岛
32%
红河 元阳哈尼梯田
32%
宁德 太姥山
29%
黔南 小七孔
29%
陵水 分界洲岛
29%
宜昌 三峡人家
29%
阿勒泰 喀纳斯
29%
六安 天堂寨
26%
甘南 若尔盖花湖
26%
三亚 呀诺达雨林
24%
南京 钟山风景区
24%
西安 陕西历史博物馆
24%
宁德 白水洋鸳鸯溪
21%
伊犁 喀拉峻
21%
北京 慕田峪长城
18%
三亚 亚龙湾沙滩
18%
保定 白石山
18%
武汉 木兰旅游区
18%
长沙 湖南省博
18%
南京 牛首山
18%
运城 永乐宫
18%
忻州 佛光寺
18%
桂林 遇龙河漂流
15%
桂林 龙脊梯田
12%
九江 庐山西海
12%
临汾 广胜寺
12%
甘孜 海螺沟
12%
甘南 | 阿坝 莲宝叶则
9%
伊犁 独库
9%
西双版纳 望天树景区
9%
兰州 水墨丹霞
6%
甘南 黄河九曲第一湾
6%
甘南 扎尕那
6%
张家界 魅力湘西
6%
无锡 灵山胜境
6%
呼伦贝尔 边防卡线(边防公路)
6%
哈密 大海道
6%
西双版纳 告庄夜市
6%
怒江 独龙江
6%
杭州 宋城千古情
6%
北京 中国科技馆
3%
重庆 金佛山
3%
甘南 阿万仓湿地
3%
三亚 三亚千古情
3%
白山 万达度假区
3%
白山 万达滑雪场
3%
拉萨 文成公主实景演出
3%
阿克苏 托木尔大峡谷
3%
迪庆 巴拉格宗
3%
黔东南 杉木河漂流
0%
湘西 猛洞河漂流
0%
南京 梅花山
0%
上饶 五龙源漂流
0%
No matching quizzes found
Score Distribution
Percent of People with Each Score
Percentile by Number Answered
Your Score History
You have not taken this quiz